00446nam a2200157 a 45000010005000000030009000050080041000140400028000550820016000831000034000992450027001332600037001603000010001975050063002076500018002708019CO-ViMGA141112s2004 ck r 000 u spa d aCO-ViMGAbspacCO-ViMGA04a884.2 S136p1 aSerpa de de Francisco, Gloria10aSafo : bPoesia lirica aBogotá, cTercer mundo, c1972 a97.p. aPoesia lirica de Safo Ritmo y metrica de la poesia antigua14aPOESIA GRIEGA